000 00345nam a2200145Ia 4500
008 191201s2009 xx 000 0 und d
082 _a657.028
_bHAA
100 _aHALL JAMES,A
245 0 _aAccounting Information System
250 _a5th
260 _aN.Delhi
_bCENGAGE Learning
_c2009
300 _a832+25
650 _aBBA
942 _2ddc
_cBK
999 _c4838
_d4838